Handels- und Wirtschaftsgeographie

Saved in:
Bibliographic Details
Format: Book
Language:German
Published: Leipzig Hirt 1907
Tags: Add Tag
No Tags, Be the first to tag this record!

MARC

LEADER 00000nam a2200000 4500
001 0303413
005 20240808092153.8
041 0 |a ger 
044 |a DE 
245 1 0 |a Handels- und Wirtschaftsgeographie  |c E. Rasche 
264 1 |a Leipzig  |b Hirt  |c 1907